000 00747nam a2200229Ia 4500
003 OSt
005 20220925180940.0
006 a|||||r|||| 00| 0
007 ta
008 220923b |||||||| |||| 00| 0 eng d
037 _cGeneral Book
040 _aRTL
_cRTL
_beng
041 _2eng
_aeng
082 _aY:411.8.N77<--N76, N7
110 _aAUSTRALIA, SOCIAL WELFARE (Standing commiittee on--0
_9252405
245 0 _aSenate
_bContinuing oversight of the drug use problem 1976-77
260 _aCanberra
_bAustral goverment
_c1976
300 _avii,992p
_ccm.
700 _aAUSTRALIA, SOCIAL WELFARE (Standing commiittee on--0
_9252406
942 _hY:411.8.N77<--N76, N7
_cGB
_2CC
999 _c497928
_d497928